Statistics for American Shape to Country Click Quiz

Click here to take the quiz!

General Stats

  • This quiz has been taken 202 times
  • The average score is 26 of 35

Answer Stats

HintAnswer% Correct
Canada
91%
Mexico
91%
United States
91%
Chile
90%
Cuba
88%
Peru
87%
Bahamas
86%
Brazil
86%
Argentina
84%
Panama
84%
Venezuela
84%
Haiti
83%
Colombia
79%
Belize
78%
Paraguay
78%
Guatemala
77%
Trinidad and Tobago
77%
Jamaica
76%
Nicaragua
76%
El Salvador
75%
Bolivia
69%
Guyana
69%
Antigua and Barbuda
68%
Costa Rica
68%
Ecuador
68%
Dominican Republic
65%
Saint Kitts and Nevis
64%
Saint Vincent and the Grenadines
63%
Suriname
63%
Uruguay
63%
Honduras
58%
Dominica
54%
Barbados
53%
Saint Lucia
51%
Grenada
42%

Score Distribution

Percentile by Number Answered

Percent of People with Each Score

Your Score History

You have not taken this quiz